000 00569cam a2200217ua 4500
001 1909
005 20260515113425.0
008 110811n ii |||gr||||Z||||||eng
020 _a81-7096-321-4
040 _cMAIN
082 _a370
100 _aBhatia, K. K.,
_eAuthor.
245 1 _aPrinciples & practice of education
_cby K. K. Bhatia
250 _a2nd.
260 _aLudhiana:
_bKalyani Publishers,996.
300 _a144p:
_c23cm.
653 _aEducation
653 _aPrinciples & practice of education
700 _aPurohit, Trinath,
_eAuthor.
942 _cBK
999 _c1783
_d1783